Ciclo económico Desalentar la Tentación Inflacionaria (Registro nro. 17922)
[ vista simple ]
| 000 -LEADER | |
|---|---|
| fixed length control field | 00347 a2200109 4500 |
| 001 - CONTROL NUMBER | |
| control field | ART_10878 |
| 005 - DATE AND TIME OF LATEST TRANSACTION | |
| control field | 20260410161732.0 |
| 008 - FIXED-LENGTH DATA ELEMENTS--GENERAL INFORMATION | |
| fixed length control field | 260409a |
| 100 1# - MAIN ENTRY--PERSONAL NAME | |
| Personal name | Sturzenegger, Adolfo |
| 245 10 - TITLE STATEMENT | |
| Title | Ciclo económico Desalentar la Tentación Inflacionaria |
| 773 0# - HOST ITEM ENTRY | |
| Title | Ejecutivos de finanzas |
| Related parts | - Año 3, Nº 27 (may. 1986) |
| Record control number | REV2863 |
No hay ítems disponibles.